FRONT OFFICE OPERATIONS AND MANAGEMENT (Record no. 22737)

MARC details
000 -LEADER
fixed length control field 00302nam a22001337a 4500
003 - CONTROL NUMBER IDENTIFIER
control field SGT
020 ## - INTERNATIONAL STANDARD BOOK NUMBER
International Standard Book Number 987-240-47-4
082 ## - DEWEY DECIMAL CLASSIFICATION NUMBER
Classification number 647.940
Item number ISM
100 ## - MAIN ENTRY--PERSONAL NAME
Personal name ISMAIL, AHMED
245 ## - TITLE STATEMENT
Title FRONT OFFICE OPERATIONS AND MANAGEMENT
260 ## - PUBLICATION, DISTRIBUTION, ETC. (IMPRINT)
Place of publication, distribution, etc AUSTRALIA
Name of publisher, distributor, etc THOMSON
Year of Publication 2002
300 ## - PAGE DESCRIPTION
No. of Pages 346
942 ## - ADDED ENTRY ELEMENTS (KOHA)
Source of classification or shelving scheme Dewey Decimal Classification
Koha item type Books
Holdings
Withdrawn status Lost status Source of classification or shelving scheme Damaged status Not for loan Collection code Home library Current library Date acquired SGTU Total Checkouts Full call number Accession No. (Barcode) Date last seen Bill Date Koha item type
    Dewey Decimal Classification     HOTEL MANAGEMENT SGT Science & Social Sciences Library SGT Science & Social Sciences Library 23/05/2022 SGTU   647.940 ISM HM1261 23/05/2022 23/05/2022 Books